Statistics for Countries by Partial Shape Images #3

Click here to take the quiz!

General Stats

  • This quiz has been taken 75 times
  • The average score is 13 of 16

Answer Stats

HintAnswer% Correct
HTML tutorial Morocco
97%
HTML tutorial Australia
93%
HTML tutorial Croatia
91%
HTML tutorial Indonesia
90%
HTML tutorial Netherlands
90%
HTML tutorial Panama
90%
HTML tutorial Bangladesh
88%
HTML tutorial Myanmar
88%
HTML tutorial Austria
85%
HTML tutorial Brazil
82%
HTML tutorial Chad
81%
HTML tutorial Jordan
78%
HTML tutorial Peru
76%
HTML tutorial Ireland
54%
HTML tutorial Finland
53%
HTML tutorial Pakistan
47%

Score Distribution

Percentile by Number Answered

Percent of People with Each Score

Your Score History

You have not taken this quiz